000 00669nam a22001817a 4500
005 20100821144348.0
010 _aENG-101245
020 _c120.00
035 _aEN-84778
037 _bDBAD/PUB
082 _a347.00954
245 _aThe bar council of India rules /
260 _aDelhi
_bUniversal Law Publishing
_c2010
270 _aC-FF-1A, Dilkush Industrial Estate, (Near Azadpur Metro Station) G.T. Karnal Road
_bDelhi
_e110033
300 _a167p.
_c24cm (pbk)
942 _2ddc
_cEN
_h347.00954
_mBAR
999 _c42913
_d42913